<?xml version="1.0" encoding="UTF-8"?>
<record
    xmlns:xsi="http://www.w3.org/2001/XMLSchema-instance"
    xsi:schemaLocation="http://www.loc.gov/MARC21/slim http://www.loc.gov/standards/marcxml/schema/MARC21slim.xsd"
    xmlns="http://www.loc.gov/MARC21/slim">

  <leader>00783nam a22002057a 4500</leader>
  <controlfield tag="005">20230703162526.0</controlfield>
  <controlfield tag="008">230703b           ||||| |||| 00| 0 eng d</controlfield>
  <datafield tag="040" ind1=" " ind2=" ">
    <subfield code="c">AL</subfield>
  </datafield>
  <datafield tag="041" ind1=" " ind2=" ">
    <subfield code="a">mal</subfield>
  </datafield>
  <datafield tag="082" ind1=" " ind2=" ">
    <subfield code="2">23</subfield>
    <subfield code="a">920M</subfield>
    <subfield code="b">PRAS</subfield>
  </datafield>
  <datafield tag="100" ind1=" " ind2=" ">
    <subfield code="a">Prasannan K P: &#xD2A;&#xD4D;&#xD30;&#xD38;&#xD28;&#xD4D;&#xD28;&#xD7B; &#xD15;&#xD46; &#xD2A;&#xD3F; </subfield>
    <subfield code="9">125348</subfield>
  </datafield>
  <datafield tag="245" ind1=" " ind2=" ">
    <subfield code="a">Samadhanathinte Sugandham:</subfield>
    <subfield code="b">&#xD38;&#xD2E;&#xD3E;&#xD27;&#xD3E;&#xD28;&#xD24;&#xD4D;&#xD24;&#xD3F;&#xD28;&#xD4D;&#xD31;&#xD46; &#xD38;&#xD41;&#xD17;&#xD28;&#xD4D;&#xD27;&#xD02; </subfield>
  </datafield>
  <datafield tag="260" ind1=" " ind2=" ">
    <subfield code="a">Kozhikode</subfield>
    <subfield code="b">Vachana Books</subfield>
    <subfield code="c">2018</subfield>
  </datafield>
  <datafield tag="300" ind1=" " ind2=" ">
    <subfield code="a">167p.</subfield>
    <subfield code="b">PB</subfield>
    <subfield code="c">21x14cm.</subfield>
  </datafield>
  <datafield tag="365" ind1=" " ind2=" ">
    <subfield code="2">Malayalam</subfield>
    <subfield code="c">170.00</subfield>
    <subfield code="d">&#x20B9;</subfield>
    <subfield code="e">170.00</subfield>
  </datafield>
  <datafield tag="650" ind1=" " ind2=" ">
    <subfield code="a">Auto Biography: &#xD13;&#xD1F;&#xD4D;&#xD1F;&#xD4B;&#xD2C;&#xD40;&#xD2F;&#xD4B;&#xD17;&#xD4D;&#xD30;&#xD3E;&#xD2B;&#xD4D;&#xD2F;&#xD4D; </subfield>
    <subfield code="9">125252</subfield>
  </datafield>
  <datafield tag="650" ind1=" " ind2=" ">
    <subfield code="a">Malayalam: &#xD2E;&#xD32;&#xD2F;&#xD3E;&#xD33;&#xD02; </subfield>
    <subfield code="9">125253</subfield>
  </datafield>
  <datafield tag="700" ind1=" " ind2=" ">
    <subfield code="a">PRASANNAN (K P): &#xD2A;&#xD4D;&#xD30;&#xD38;&#xD28;&#xD4D;&#xD28;&#xD7B; (&#xD15;&#xD46; &#xD2A;&#xD3F;) </subfield>
    <subfield code="9">125254</subfield>
  </datafield>
  <datafield tag="942" ind1=" " ind2=" ">
    <subfield code="2">ddc</subfield>
    <subfield code="c">DB</subfield>
  </datafield>
  <datafield tag="999" ind1=" " ind2=" ">
    <subfield code="c">227727</subfield>
    <subfield code="d">227727</subfield>
  </datafield>
  <datafield tag="952" ind1=" " ind2=" ">
    <subfield code="0">0</subfield>
    <subfield code="1">0</subfield>
    <subfield code="2">ddc</subfield>
    <subfield code="4">0</subfield>
    <subfield code="7">0</subfield>
    <subfield code="8">OTH</subfield>
    <subfield code="a">AL</subfield>
    <subfield code="b">AL</subfield>
    <subfield code="d">2023-06-14</subfield>
    <subfield code="l">0</subfield>
    <subfield code="o">920M PRAS</subfield>
    <subfield code="p">D05795</subfield>
    <subfield code="r">2023-07-03 00:00:00</subfield>
    <subfield code="w">2023-07-03</subfield>
    <subfield code="y">DB</subfield>
    <subfield code="z">Donated by Sara Abubakkar</subfield>
  </datafield>
</record>
